Bytový dom

Na minha lista:
Detalhes bibliográficos
Autor principal: Stručka, Ján (Author)
Outros Autores: Juríček, Ivan (Thesis advisor)
Formato: Manuscrito Livro
Idioma:eslovaco
Publicado em: 2019
Assuntos:
Acesso em linha:http://is.stuba.sk/zp/portal_zp.pl?podrobnosti=153902
https://opac.crzp.sk/?fn=detailBiblioForm&sid=72994EA9AD52E4DE4E9548064587
Tags: Adicionar Tag
Sem tags, seja o primeiro a adicionar uma tag!

MARC

LEADER 00000ntm a22000003a 4500
001 stuzp75309
003 SK-STU
005 20230609110124.9
007 ta
008 150427s2015----xo-----f-mn---000-0-slo-d
040 |a STU  |b slo 
041 0 |a slo 
100 1 |a Stručka, Ján  |u 010270  |4 aut  |U SvF Stavebná fakulta  |T SvF Katedra technológie stavieb  |X 62939  |U V270  |Y 28  |7 62939 
242 0 1 |a Flat House  |y eng 
245 1 0 |a Bytový dom 
260 |c 2019 
650 4 |a bytový dom  |2 slo 
650 4 |a stropné debnenie  |2 slo 
650 4 |a PERI MULTIFLEX  |2 slo 
650 4 |a flat house  |2 eng 
650 4 |a ceiling formwork  |2 eng 
650 4 |a PERI MULTIFLEX  |2 eng 
700 1 |a Juríček, Ivan  |u 010270  |k Z8  |4 ths  |U SvF Stavebná fakulta  |T SvF Katedra technológie stavieb  |X 878  |U V270  |Y 28  |7 A000000878 
856 4 |u http://is.stuba.sk/zp/portal_zp.pl?podrobnosti=153902 
856 4 |u https://opac.crzp.sk/?fn=detailBiblioForm&sid=72994EA9AD52E4DE4E9548064587